MDQL
is popping MORE tags! Check the
thread
!
Quizzes
Events
Quiz Creation
Community
Videos
Private Events
Remove Ads
Sign In
Join for FREE
Feedback
Dark Mode
Quiz Categories
Sports
Geography
Music
Movies
Television
Just For Fun
Miscellaneous
History
Literature
Language
Science
Gaming
Entertainment
Religion
Holiday
For Kids
Quiz Lab
Recent
Popular Today
Quiz Kudos Today
Editor Picks
Curator Picks
Quizzes by...
Day
Popularity
Type
Ratings
Length
Year
Community
Subscriptions
Recent Discussions
Orange Saloon
Badges
Playlists
Quests
Create
Leaderboards
Showdown
Live 5
Trivia Bingo
Activity
Puzzle Library
Sporcle Events
Private Events
Virtual Trivia
Globe League
Become a Host
Pub Owners
SporcleCon
Opinionation
Our Games
Videos
Blog
Mobile Apps
Partnerships
Remove Ads and Go Orange
Feedback
History
US Presidents
World Leaders
Politics
Nation
Discovery
War
Decade
Year
Century
Biography
Art
History
US Presidents
World Leaders
Politics
Nation
Discovery
War
Decade
Year
Century
Biography
Art
Random Quiz
Search Sporcle
×
Quiz Lab
Quiz Lab
History
Century
Type in answers that appear in a list
Type in answers that appear in a list
Classic
Best Score? Go Orange.
U.S. Presidents, 20th Century Stats
Can you name the U.S. presidents of the 20th century?
By
Dienekes
60s
18 Questions
754 Plays
754 Plays
754 Plays
Comments
Comments
Give Quiz Kudos
Give Quiz Kudos
-
- Ratings
hide this ad
Replay
Link that replays current quiz
Next Quiz
Link to next quiz in quiz playlist
You Got
0%
They Got
Avg Score
76%
Avg Friend Score
Upgrade to see
Score Distribution
Jump to the score distribution portion of the page
Score
0/18
Timer
01:00
0
Plays Today
Hints
Presidents of 20th Cent.
% Correct
'I did not have sex with that woman.'
William J. Clinton
94.3%
'Read my lips, no new taxes!'
George Herbert Walker Bush
90.8%
'Mr. Gorbachev, tear down this wall!'
Ronald Reagan
88.5%
'I am not a crook.'
Richard M. Nixon
85.9%
Rough Rider.
Theodore Roosevelt
84.7%
'Ask not what you can do . . .'
John F. Kennedy
84.4%
I've fallen and I can't get up.
Franklin Delano Roosevelt
84.1%
A real goober.
James E. Carter
75.5%
You dropped a bomb on me, baby.
Harry S. Truman
75.5%
Hints
Presidents of 20th Cent.
% Correct
Stock market just collapsed, now what?
Herbert Hoover
74.8%
Loved to play golf.
Dwight D. Eisenhower
73.5%
Too many knocks to the head.
Gerald Ford
72.8%
Great Society.
Lyndon B. Johnson
72.7%
Fat Man.
Howard Taft
69.6%
Silent Cal
Calvin Coolidge
69.1%
United Nations
Woodrow Wilson
66%
Teapot Dome Scandal
Warren G. Harding
56.1%
William who?
William McKinley
28%
Quiz Playlist
Details
Report
Send in Message
Add To Playlist
Classic:
Type in answers that appear in a list
Last Updated: Feb 16, 2017
Quiz Scoreboard
CHALLENGE
Sign Up to Join the Scoreboard
Show All
Scores
Hide
Comments
May contain spoilers
Recently Published
5x2 Blitz: Bands
by SL_Kpop136
Music
30s
Colored Red Africa Blitz
by spor1
Geography
30s
Find the 'City' Movie
by crazypaving
Movies
60s
More to Explore
Quiz From the Vault
Featured Blog Post
14 Easter Pick-up Lines to Find Eggs With
hide this ad
You Might Also Like...
Tags
Century Quiz
US Presidents Quiz
20th Century
Today's Top Quizzes in History
Browse History
hide this ad
Today's Top Quizzes in Century
Browse Century
Top Contributed Quizzes in History
1
Popular People in 1991
2
US National Parks Named After People
3
Order Up: 1000 Years of World Events I
4
Popular People in 1981
5
Popular People in 1951
6
Popular People in 1941
7
Popular People in 1986
8
Popular People in 1921
9
Popular People in 1976
10
Magic 10 Blitz: U.S. Presidents
Explore More
Trending Topics
Marvel
Crossword
Kpop
NBA
Harry Potter
Disney
Anime
Pokémon
Song
WWE
Soccer
The Office
NFL
Puzzle
Country
hide this ad
More By:
Dienekes
Quiz
Plays
Rating
Category
Featured
Created
U.S. Presidents, 20th Century
754
1.77
History
Jul 11, 2010
U.S. Presidents, Unscramble their Names!
676
4.00
History
Jul 19, 2010
Top 10 Tourist Attractions in Los Angeles
246
2.20
Just For Fun
Jul 14, 2010
Months with 31 days
117
3.25
Miscellaneous
Jul 14, 2010
Songs about the Law, Authority, & Prison
96
3.33
Music
Jul 17, 2010
Go to Creator's Profile
Score Distribution
Quiz Creator Spotlight
Dienekes
Follow
Send a Message
Quizzes Created
-
Created Quiz Play Count
-
More By This Creator
Popular Quizzes Today
1
Find the 'City' Movie
2
Colored Red Africa Blitz
3
Find the US States - No Outlines Minefield
4
5x2 Blitz: Bands
5
The Countries of the World
6
Find the US States
7
US States
8
9x9 Crossword: Cartoon Network
More History Quizzes
The Bill of Rights
Quiz Lab
Trending Quizzes
Colored Red Europe Blitz I
Colored Red Africa Blitz II
Colored Red Europe Blitz II
Colored Red Africa Blitz III
Colored Red Europe Blitz III
Recently Updated
2024 March Madness Bracket
pecheneg
Famous TV Couples
Peacemaker
Champions League XIs: Real Madrid
pecheneg
Largest US Cities 1790-2010
pecheneg
Rides in Walt Disney World
pecheneg
Most Oscar Losses (Acting)
pecheneg
Beyoncé Albums
pecheneg
Leaping Animals
pecheneg
Reality TV Shows (A-Z)
bhenderson79
Rickey Henderson's Hall of Fame Teammates
pecheneg
Trending Topics
Anime
Crossword
Disney
NBA
Marvel
Kpop
Harry Potter
NFL
Country
Song
WWE
Puzzle
The Office
Pokémon
Soccer
Your Account Isn't Verified!
In order to create a playlist on Sporcle, you need to verify the email address you used during registration. Go to your
Sporcle Settings
to finish the process.
Report this User
Report this user for behavior that violates our
Community Guidelines
.
Details:
Send Report
Go to the Sporcle.com Mobile Site →
Comments